Murder Drones: Eternal Dream - lyrics - Statistics

General Stats
  • This quiz has been taken 24 times
  • The average score is 79 of 91
Answer Stats
Lyrics % Correct
am
100%
dream
100%
dream
100%
for
100%
for
100%
I
100%
I
100%
I
100%
me?
100%
me
100%
me
100%
me
100%
me
100%
me
100%
me
100%
me
100%
the
100%
the
100%
the
100%
this
100%
this
100%
you
100%
you
100%
you
100%
you
100%
you
100%
you
100%
be
91%
Can
91%
Can
91%
Can
91%
Can
91%
end
91%
end
91%
free?
91%
in
91%
in
91%
in
91%
it
91%
my
91%
my
91%
my
91%
of
91%
soul
91%
take
91%
take
91%
tired
91%
to
91%
Will
91%
will
91%
Will
91%
Will
91%
away?
82%
can't
82%
Dancing
82%
dark,
82%
don't
82%
ever
82%
have
82%
home?
82%
know
82%
Let
82%
let
82%
moon
82%
set
82%
we
82%
we
82%
apart,
73%
body
73%
bones,
73%
breeze
73%
cold,
73%
essence
73%
fall
73%
hear
73%
keep
73%
look
73%
out
73%
Please,
73%
see?
73%
see
73%
'till
73%
warm,
73%
your
73%
again?
64%
calling?
64%
Casting
64%
eternally
64%
help
64%
rest
64%
bury
55%
No matching quizzes found
Score Distribution
Percent of People with Each Score
Percentile by Number Answered
Your Score History
You have not taken this quiz